| Tag |
First Indicator |
Second Indicator |
Subfields |
| LEADER |
00000cam a2200000 i 4500 |
| 001 |
in00003832913 |
| 005 |
20170504100005.0 |
| 008 |
160524s2017 aluc s001 0deng |
| 010 |
|
|
|a 2016012011
|
| 035 |
|
|
|a (OCoLC)ocn951557160
|
| 040 |
|
|
|a DLC
|e rda
|c DLC
|
| 020 |
|
|
|a 9780826356451
|q (cloth :
|q alk. paper)
|
| 020 |
|
|
|a 0826356451
|q (cloth :
|q alk. paper)
|
| 043 |
|
|
|a n-us---
|
| 050 |
0 |
0 |
|a E89
|b .F45 2017
|
| 082 |
0 |
0 |
|a 970.004/97
|2 23
|
| 049 |
|
|
|a TXAM
|
| 100 |
1 |
|
|a Felver, Christopher,
|d 1946-
|e author.
|
| 245 |
1 |
0 |
|a Tending the fire :
|b Native voices and portraits /
|c photographs by Christopher Felver ; foreword by Simon J. Ortiz ; introduction by Linda Hogan.
|
| 264 |
|
1 |
|a Albuquerque :
|b University of New Mexico Press,
|c 2017.
|
| 300 |
|
|
|a xix, 227 pages :
|b portraits ;
|c 29 cm.
|
| 336 |
|
|
|a text
|b txt
|2 rdacontent
|
| 337 |
|
|
|a unmediated
|b n
|2 rdamedia
|
| 338 |
|
|
|a volume
|b nc
|2 rdacarrier
|
| 500 |
|
|
|a Includes index.
|
| 505 |
0 |
|
|a Foreword: Communication / Simon J. Ortiz -- Introduction: Keepers of the Fire: Native Voices / Linda Hogan -- Poetry and Portraits -- Interview with Mary Jean Robertson -- Epilogue: Learning to Tend the Fire / Christopher Felver.
|
| 650 |
|
0 |
|a Indians of North America
|v Portraits.
|
| 650 |
|
0 |
|a Indian poets
|z United States
|v Portraits.
|
| 650 |
|
0 |
|a Indians of North America
|v Biography.
|
| 650 |
|
0 |
|a Indian poets
|z United States
|v Biography.
|
| 650 |
|
0 |
|a Indians of North America
|x Social life and customs.
|
| 650 |
|
0 |
|a Indians of North America
|v Poetry.
|
| 650 |
|
0 |
|a American poetry
|x Indian authors.
|
| 700 |
1 |
|
|a Ortiz, Simon J.,
|d 1941-
|
| 945 |
|
|
|b 88502
|
| 947 |
|
|
|a A14850053019
|
| 948 |
|
|
|a cataloged
|b h
|c 2017/5/4
|d c
|e dmitchel
|f 10:00:00 am
|
| 994 |
|
|
|a 92
|b TXA
|
| 999 |
f |
f |
|s 1c60d6ad-dbd1-3a25-a390-174434a70fcd
|i 09d22e2c-d5f0-32ec-9067-e275b965c0b8
|t 0
|
| 952 |
f |
f |
|p normal
|a Texas A&M University
|b College Station
|c Sterling C. Evans Library
|s Evans stk
|d Evans: Library Stacks
|t 0
|e E89 .F45 2017
|h Library of Congress classification
|i unmediated -- volume
|m A14850053019
|
| 998 |
f |
f |
|a E89 .F45 2017
|t 0
|l Evans: Library Stacks
|